| 000 | 00599cam9a220018100 4500 | ||
|---|---|---|---|
| 005 | 20190819100038.0 | ||
| 008 | 001120 | ||
| 035 | _a(Sirsi) a143350 | ||
| 050 | 0 |
_aSF810 _bPar 1956 |
|
| 245 | 1 | 0 |
_aParasitology and parasitic diseases of livestock / _cedited by V. S. Ershov |
| 260 |
_aMoscow : _bState Publishing House, _c1956. |
||
| 350 | _a25 | ||
| 500 | _aTitle of Russian origin | ||
| 650 | 0 |
_aVeterinary parasitology _6S72.1 |
|
| 650 | 0 |
_aAnimals -- Diseases _xAnimals -- Diseases _6S79.4 |
|
| 700 | 0 | 0 |
_aErshov, V.S. _6A113611.1 |
| 700 | 0 | 0 |
_aBirron, A. _6A113612.1 |
| 999 |
_c100288 _d100288 |
||